000 01012nam a22002537a 4500
005 20091023120024.0
008 091023t xxu||||| |||| 00| 0 eng d
010 _aENG-95181
020 _a9780070682696
_c450.00
020 _a0070682690
_c450.00
035 _aEN-78714
040 _aDPL
082 _a005.133
100 _aLiguori, Robert J
245 _aSCJA Sun, Certified Java Associate study guide:
_b(exam CX-310-019) /
_cby Robert J Liguori, Edward G Finegan
260 _aNew New
_bTata McGraw-Hill Education
_c2009
270 _a7, West Patel Nagar
_bNew Delhi
_e110008
300 _axxxiv, 461 p. :
_c24 cm.(Pbk)
_e1 CD ROM.
500 _aIncludes index.
650 _aJava (Computer program language)
_xExaminations
_vStudy guides
700 _aFinegan, Edward G.
942 _2ddc
_cEN
_mLIG
_h005.133
999 _c31017
_d31017